| 000 | 00685cam a2200169 4500500 | ||
|---|---|---|---|
| 005 | 20251012032224.0 | ||
| 041 | _afre | ||
| 042 | _adc | ||
| 100 | 1 | 0 |
_aSchnakenbourg, Éric _eauthor |
| 700 | 1 | 0 |
_a Simoulin, Vincent _eauthor |
| 700 | 1 | 0 |
_a Aucante, Yohann _eauthor |
| 245 | 0 | 0 | _aAutour du livre de Yohann AUCANTE. Les démocraties scandinaves. Des systèmes politiques exceptionnels ? Paris, Armand Colin, collection U, 2012, 253 pages. |
| 260 | _c2014. | ||
| 500 | _a30 | ||
| 786 | 0 | _nRevue d'histoire nordique | 18 | 1 | 2014-02-26 | p. 263-279 | 1778-9605 | |
| 856 | 4 | 1 | _uhttps://shs.cairn.info/revue-revue-d-histoire-nordique-2014-1-page-263?lang=fr&redirect-ssocas=7080 |
| 999 |
_c1546973 _d1546973 |
||